000 00428nam a2200181Ia 4500
003 OSt
005 20220920162713.0
008 210210b1954 xxu||||| |||| 00| 0 eng d
040 _cAL
041 _aeng
082 _a514/7
100 _aBAGI (B B)
_958072
245 _aFirst course in algebraic geometry
260 _aLondon
_bBlackie & Son Ltd.
_c1954
690 _aGeometry
_958073
906 _a007453
942 _2ddc
_cBK
999 _c139948
_d139948